ბათუმის შოთა რუსთაველის სახელმწიფო უნივერსიტეტის ბიბლიოთეკა

ჩანაწერი Corporate Name

ჩანაწერთა რაოდენობა, რომელიც გამოყენებულია: 1

001 - CONTROL NUMBER

  • control field: 24113

003 - CONTROL NUMBER IDENTIFIER

  • control field: GE_BSU

005 - DATE AND TIME OF LATEST TRANSACTION

  • control field: 20250124113935.0

008 - FIXED-LENGTH DATA ELEMENTS

  • fixed length control field: 250124|| aca||aabn | a|a d

040 ## - CATALOGING SOURCE

  • Original cataloging agency: GE_BSU
  • Transcribing agency: GE_BSU

110 ## - HEADING--CORPORATE NAME

  • Corporate name or jurisdiction name as entry element: ქუთაისის უნივერსიტეტი
  • Subordinate unit: ეკონომიკის კვლევითი ინსტიტუტი

670 ## - SOURCE DATA FOUND

  • Source citation: Work cat.: (GE_BSU): ჩიხლაძე, ნიკო 24110, საერთაშორისო ვაჭრობის თანამედროვე გამოწვევები: საქართველოს კონტექსტი :